<?xml version="1.0" encoding="UTF-8"?><?xml-stylesheet type="text/xsl" href="static/style.xsl"?><OAI-PMH xmlns="http://www.openarchives.org/OAI/2.0/" xmlns:xsi="http://www.w3.org/2001/XMLSchema-instance" xsi:schemaLocation="http://www.openarchives.org/OAI/2.0/ http://www.openarchives.org/OAI/2.0/OAI-PMH.xsd"><responseDate>2026-06-06T00:53:29Z</responseDate><request verb="GetRecord" identifier="oai:riuma.uma.es:10630/3559" metadataPrefix="marc">https://riuma.uma.es/rest/oai/request</request><GetRecord><record><header><identifier>oai:riuma.uma.es:10630/3559</identifier><datestamp>2026-02-03T12:48:53Z</datestamp><setSpec>com_10630_27</setSpec><setSpec>com_10630_3139</setSpec><setSpec>com_10630_10</setSpec><setSpec>col_10630_560</setSpec></header><metadata><record xmlns="http://www.loc.gov/MARC21/slim" xmlns:dcterms="http://purl.org/dc/terms/" xmlns:doc="http://www.lyncode.com/xoai" xmlns:xsi="http://www.w3.org/2001/XMLSchema-instance" xsi:schemaLocation="http://www.loc.gov/MARC21/slim http://www.loc.gov/standards/marcxml/schema/MARC21slim.xsd">
   <leader>00925njm 22002777a 4500</leader>
   <datafield ind2=" " ind1=" " tag="042">
      <subfield code="a">dc</subfield>
   </datafield>
   <datafield ind2=" " ind1=" " tag="720">
      <subfield code="a">Fernández González, Federico</subfield>
      <subfield code="e">author</subfield>
   </datafield>
   <datafield ind2=" " ind1=" " tag="720">
      <subfield code="a">Molina Maruenda, Andrés</subfield>
      <subfield code="e">author</subfield>
   </datafield>
   <datafield ind2=" " ind1=" " tag="260">
      <subfield code="c">1988</subfield>
   </datafield>
   <datafield ind2=" " ind1=" " tag="520">
      <subfield code="a">Tras la revisión fitosociológica de las fresnedas de la Sierra de Guadarrama (España), se proponen los siguientes nuevos sintaxones: Fraxino angustifoliae-Quercetum pyrenaicae subas. serratuletosum tinctoriae y subas. loniceretosum xylostei, y Ficario- Fraxinetum angustifoliae subas. rosetosum corymbiferae y subas. ulmetosum minoris. Se lectotipifica, corrige y enmienda la asociación Fraxino angustifoliae-Quercetum pyrenaicae y se valida la subasociación Ficario-Fraxinetum angustifoliae tamaricetosum africanae.</subfield>
   </datafield>
   <datafield ind2=" " ind1=" " tag="520">
      <subfield code="a">Phytosociological study of Fraxinus angustifolia -forests from Sierra de Guadarrama (Spain). The following new syntaxa are proposed: Fraxino angustifoliae-Quercetum pyrenaicae subas. serratuletosum tinctoriae and subas. loniceretosum xylostei, and Ficario-Fraxinetum angustifoliae subas. rosetosum corymbiferae and subas. ulmetosum minoris. The association Fraxino angustifoliae-Quercetum pyrenaicae is lectotypified, corrected and amended, and the subassociation Ficario-Fraxinetum angustifoliae tamaricetosum africanae is validated.</subfield>
   </datafield>
   <datafield ind1="8" ind2=" " tag="024">
      <subfield code="a">Acta Botánica Malacitana, Nº 13&#xd;
, 1988, Págs. 217&#xd;
-228</subfield>
   </datafield>
   <datafield ind1="8" ind2=" " tag="024">
      <subfield code="a">02109506</subfield>
   </datafield>
   <datafield ind1="8" ind2=" " tag="024">
      <subfield code="a">http://hdl.handle.net/10630/3559</subfield>
   </datafield>
   <datafield ind2="0" ind1="0" tag="245">
      <subfield code="a">Datos fitosociológicos sobre las fresnedas guadarrámicas</subfield>
   </datafield>
</record>
</metadata></record></GetRecord></OAI-PMH>